1293 1990 1524 1121 1649 1584 1190 1433 1879 1995 1532 1804 1513 1526 1191 1541 1351 1882 1253 1628 1030 1794 1467 1284 1198 1711 1801 1781 1230 1611 1168 1907 1684 1394 1791 1839 1232 1042 1859 1045 1605 1788 1270 1720 1875 1922 1483 1563 1616 1103 1979 1227 1574 1911 1596 1490 1712 1606 1845 1481 1657 1763 1231 1307 1281 1254 1353 1471 1751 1359 1337 1547 1125 1030 1479 1690 1915 1275 1777 1995 1994 1318 1729 1273 1170 1827 1481 1556 1527 1578 1097 1141 1719 1159 2000 1555 1401 1339 1663 BCNSPRNW ULIB Ver.6.0+V

เปลี่ยนเป็นภาษาไทย

Change to English
 แสดงรายละเอียดบรรณานุกรม
  กลับหน้าหลัก

Brief Record : Get Marc (ISO 2709) : E-mail record : QR code < ปิดหน้าต่าง
LEADER : 00000nam 2200000uu 4500
001    13399109969
003     ULIB
008    110419s2544||||th 000 0 tha d
020    9746575465
060 04 WE725^bว924ร 2544
245 00 โรคข้ออักเสบรูมาตอยด์ /^cวรวิทย์ เลาห์เรณู, บรรณาธิการ
250    พิมพ์ครั้งที่ 1
260    เชียงใหม่ :^bหน่วยโรคข้อและรูมาติสซั่ม ภาควิชาอายุรศาสตร์คณะแพทยศาสตร์ มหาวิทยาลัยเชียงใหม่,^c2544
300    x, 286 หน้า :^bภาพประกอบ (สีบางภาพ) ;^c27 ซม.
650  2 Arthritis, Rheumatoid
650  7 โรคข้อรูมาตอยด์
700 0  วรวิทย์ เลาห์เรณู,^eบรรณาธิการ
710 2  มหาวิทยาลัยเชียงใหม่. ^bคณะแพทยศาสตร์.^bภาควิชาอายุรศาสตร์
945    ^p300^l0^i018133
945    ^p300^l0^i018132
945    ^p300^l0^i018131
945    ^p300^l0^i017574
995    ทศพร
999 ^a ใช้งานได้ทุกระบบ
รายการนี้ยังไม่มีแท็ก
คุณยังไม่ได้ล็อกอิน คุณสามารถมีกิจกรรมร่วมกับเว็บไซต์ได้ แต่ต้องล็อกอินก่อน ::
  ล็อกอิน

รายการสื่อสารสนเทศ

ลำดับที่ ประเภท เลขเรียก/บาร์โค้ด สถานที่ สถานะ
- ไม่พบข้อมูล -

รายการใกล้เคียง
    หัวเรื่อง [Arthritis, Rheumatoid]
    หัวเรื่อง [โรคข้อรูมาตอยด์]

BibComment


ยังไม่เคยถูกคอมเมนท์

คอมเมนท์ทรัพยากรรายการนี้
  คอมเมนท์: โรคข้ออักเสบรูมาต..


 Copyright 2026. Bcnsprnw @Library